Estatísticas para Logotipos da Seleção Nacional de Futebol

Clique aqui para jogar o quiz

Estatísticas Gerais

  • Esse quiz foi jogado 876 vezes
  • A pontuação média é 18 de 20

Estatísticas das Respostas

Resposta% Correto
Alemanha
99%
Bélgica
99%
Brasil
99%
Itália
99%
Turquia
98%
Espanha
97%
Grécia
97%
Portugal
97%
Suécia
97%
França
96%
Inglaterra
96%
Rússia
93%
Uruguai
92%
Países Baixos
91%
Austrália
90%
Estados Unidos
89%
Equador
88%
Peru
88%
África do Sul
50%
Vietname
43%

Distribuição das Pontuações

Percentil de Números Respondidos

Porcentagem de Pessoas com Cada Pontuação

Sua Pontuação Histórica

Você não jogou esse quiz